<?xml version="1.0" encoding="UTF-8"?>
<record
    xmlns:xsi="http://www.w3.org/2001/XMLSchema-instance"
    xsi:schemaLocation="http://www.loc.gov/MARC21/slim http://www.loc.gov/standards/marcxml/schema/MARC21slim.xsd"
    xmlns="http://www.loc.gov/MARC21/slim">

  <leader>00653nam a22001337a 4500</leader>
  <datafield tag="040" ind1=" " ind2=" ">
    <subfield code="c">RUA</subfield>
  </datafield>
  <datafield tag="082" ind1=" " ind2=" ">
    <subfield code="a">AGR IN 2021 B1-586 Or.</subfield>
  </datafield>
  <datafield tag="100" ind1=" " ind2=" ">
    <subfield code="a">IN VANRITH &#x17A2;&#x17CA;&#x17B7;&#x1793;&#x200B;&#x200B; &#x179C;&#x178E;&#x17D2;&#x178E;&#x179A;&#x17B7;&#x1791;&#x17D2;&#x1792;</subfield>
  </datafield>
  <datafield tag="245" ind1=" " ind2=" ">
    <subfield code="a">EFFECT OF PLANT SPACING ON GROWTH AND YIELD OF GREEN MUSTARD (Brassica juncea) &#x17A5;&#x1791;&#x17D2;&#x1792;&#x17B7;&#x1796;&#x179B;&#x1785;&#x1793;&#x17D2;&#x179B;&#x17C4;&#x17C7;&#x1782;&#x17BB;&#x1798;&#x17D2;&#x1796;&#x1791;&#x17C5;&#x179B;&#x17BE;&#x1780;&#x17B6;&#x179A;&#x179B;&#x17BC;&#x178F;&#x179B;&#x17B6;&#x179F;&#x17CB; &#x1793;&#x17B7;&#x1784;&#x1791;&#x17B7;&#x1793;&#x17D2;&#x1793;&#x1795;&#x179B;&#x179A;&#x1794;&#x179F;&#x17CB;&#x17CB;&#x178A;&#x17C6;&#x178E;&#x17B6;&#x17C6;&#x179F;&#x17D2;&#x1796;&#x17C3;&#x1781;&#x17C0;&#x179C;</subfield>
  </datafield>
  <datafield tag="260" ind1=" " ind2=" ">
    <subfield code="a">PHNOM PENH</subfield>
    <subfield code="b">RUA</subfield>
    <subfield code="c">2021</subfield>
  </datafield>
  <datafield tag="300" ind1=" " ind2=" ">
    <subfield code="a">X.32P</subfield>
    <subfield code="b">VII.</subfield>
    <subfield code="c">29CM</subfield>
  </datafield>
  <datafield tag="856" ind1=" " ind2=" ">
    <subfield code="u">https://drive.google.com/file/d/1cWGNnKwuF28pUraGI9Jmc5xTWUMXkACx/view?usp=sharing</subfield>
  </datafield>
  <datafield tag="942" ind1=" " ind2=" ">
    <subfield code="c">AGR</subfield>
  </datafield>
  <datafield tag="999" ind1=" " ind2=" ">
    <subfield code="c">22714</subfield>
    <subfield code="d">22714</subfield>
  </datafield>
  <datafield tag="952" ind1=" " ind2=" ">
    <subfield code="0">0</subfield>
    <subfield code="1">0</subfield>
    <subfield code="2">ddc</subfield>
    <subfield code="4">0</subfield>
    <subfield code="6">AGR_IN_2021_000000000000000_B1586_OR</subfield>
    <subfield code="7">0</subfield>
    <subfield code="9">97590</subfield>
    <subfield code="a">LBB</subfield>
    <subfield code="b">LBB</subfield>
    <subfield code="c">B1.586</subfield>
    <subfield code="d">2024-03-27</subfield>
    <subfield code="o">AGR IN 2021 B1-586 Or.</subfield>
    <subfield code="p">a078163</subfield>
    <subfield code="r">2024-03-27</subfield>
    <subfield code="w">2024-03-27</subfield>
    <subfield code="y">AGR</subfield>
  </datafield>
  <datafield tag="952" ind1=" " ind2=" ">
    <subfield code="0">0</subfield>
    <subfield code="1">0</subfield>
    <subfield code="2">ddc</subfield>
    <subfield code="4">0</subfield>
    <subfield code="6">AGR_IN_2021_000000000000000_B1586_OR</subfield>
    <subfield code="7">0</subfield>
    <subfield code="9">97591</subfield>
    <subfield code="a">LBB</subfield>
    <subfield code="b">LBB</subfield>
    <subfield code="c">B1.586</subfield>
    <subfield code="d">2024-03-27</subfield>
    <subfield code="o">AGR IN 2021 B1-586 Or.</subfield>
    <subfield code="p">a078159</subfield>
    <subfield code="r">2024-03-27</subfield>
    <subfield code="w">2024-03-27</subfield>
    <subfield code="y">AGR</subfield>
  </datafield>
  <datafield tag="952" ind1=" " ind2=" ">
    <subfield code="0">0</subfield>
    <subfield code="1">0</subfield>
    <subfield code="2">ddc</subfield>
    <subfield code="4">0</subfield>
    <subfield code="6">AGR_IN_2021_000000000000000_B1586_OR</subfield>
    <subfield code="7">0</subfield>
    <subfield code="9">97592</subfield>
    <subfield code="a">LBB</subfield>
    <subfield code="b">LBB</subfield>
    <subfield code="c">B1.586</subfield>
    <subfield code="d">2024-03-27</subfield>
    <subfield code="o">AGR IN 2021 B1-586 Or.</subfield>
    <subfield code="p">a078119</subfield>
    <subfield code="r">2024-03-27</subfield>
    <subfield code="w">2024-03-27</subfield>
    <subfield code="y">AGR</subfield>
  </datafield>
  <datafield tag="952" ind1=" " ind2=" ">
    <subfield code="0">0</subfield>
    <subfield code="1">0</subfield>
    <subfield code="2">ddc</subfield>
    <subfield code="4">0</subfield>
    <subfield code="6">AGR_IN_2021_000000000000000_B1586_OR</subfield>
    <subfield code="7">0</subfield>
    <subfield code="9">97593</subfield>
    <subfield code="a">LBB</subfield>
    <subfield code="b">LBB</subfield>
    <subfield code="c">B1.586</subfield>
    <subfield code="d">2024-03-27</subfield>
    <subfield code="o">AGR IN 2021 B1-586 Or.</subfield>
    <subfield code="p">a078043</subfield>
    <subfield code="r">2024-03-27</subfield>
    <subfield code="w">2024-03-27</subfield>
    <subfield code="y">AGR</subfield>
  </datafield>
</record>
